| 000 | 01913nam a2200265Ia 4500 | ||
|---|---|---|---|
| 999 |
_c51728 _d51728 |
||
| 001 | 18720 | ||
| 003 | GE_BSU | ||
| 005 | 20210406120817.0 | ||
| 008 | 181216s2016||||ge |||||||||||||| ||geo|| | ||
| 040 | _cGE_BSU | ||
| 041 | _ageo | ||
| 080 | _a61 ა-79 | ||
| 100 |
_aარველაძე, გვანცა _911091 |
||
| 245 |
_aლაქტატ - აციდოზის და მიტოქონდრიების ფუნქციური უკმარისობის როლი ნევროლოგიური სინდრომების და დაავადებების განვითარებაში / _bგვანცა არველაძე; სამეცნიერო ხელმძღვანელი: ნათელა გელაძე; თბილისის სახელმწიფო სამედიცინო უნივერსიტეტი. |
||
| 264 |
_aთბილისი : _bთბილისის სახელმწ. უნ-ტის გამ-ბა, _c2016. |
||
| 300 |
_a123 გვ. _b30 სმ. |
||
| 504 | _aგამოყენებული ლიტერატურა: გვ. 61-68; 85-87; 100-102; 111-112; 121-123. | ||
| 653 | _aდისერტაცია | ||
| 653 | _aლაქტატ-აციდოზის და მიტოქონდრიების ფუნქციური უკმარისობის როლი ნევროლოგიური სინდრომების და დაავადებების განვითარებაში | ||
| 653 | _aმედიცინა | ||
| 653 | _aნევროლოგია | ||
| 653 | _aპედიატრია | ||
| 700 |
_aგელაძე, ნათელა _eსამეცნიერო ხელმძღვანელი _911092 |
||
| 942 |
_cBK _2udc |
||